| 000 | 01318nam a2200253Ia 4500 | ||
|---|---|---|---|
| 999 |
_c52670 _d52670 |
||
| 001 | 19694 | ||
| 003 | GE_BSU | ||
| 005 | 20200326230236.0 | ||
| 008 | 181216s1975||||ge |||||||||||||| ||geo|| | ||
| 040 | _cGE_BSU | ||
| 041 | _ageo | ||
| 080 | _a811.353.1-26(075.8) ს-29 | ||
| 100 |
_aსარჯველაძე, ზურაბ _97807 |
||
| 245 |
_aქართული სალიტერატურო ენის ისტორიის საკითხები : _bდამხმ. სახელმძღვ. პედ. ინ-ტების სტუდენტებისათვის / _cზურაბ სარჯველაძე ; რედ. ნ. სუხიტაშვილი. |
||
| 264 |
_aთბილისი : _bგანათლება, _c1975. |
||
| 300 |
_a271 გვ. ; _c22 სმ |
||
| 500 | _aდამოწმებული წყაროები : გვ. 246-270 | ||
| 541 | _h2ლ.62თ. | ||
| 600 |
_aდამოწმებული წყაროები : გვ. 246-270 _97808 |
||
| 653 | _aქართული ენა | ||
| 653 | _aქართული სალიტერატურო ენის ისტორია | ||
| 700 |
_aსუხიტაშვილი, ნ. _eრედაქტორი _97809 |
||
| 942 |
_cBK _2udc |
||